Planwirtschaft im Zerrspiegel des Linksradikalismus
Uložené v:
| Hlavný autor: | |
|---|---|
| Médium: | Kniha |
| Jazyk: | German |
| Vydavateľské údaje: |
Berlin
Wirtschaft
1984
|
| Edícia: | Beiträge zur Kritik der bürgerlichen Ideologie und des Revisionismus
|
| Tagy: |
Žiadne tagy, Buďte prvý, kto otaguje tento záznam!
|
MARC
| LEADER | 00000nam a2200000 4500 | ||
|---|---|---|---|
| 001 | c112683 | ||
| 005 | 20041019155153.6 | ||
| 041 | 0 | |a ger | |
| 044 | |a DE | ||
| 245 | 1 | 0 | |a Planwirtschaft im Zerrspiegel des Linksradikalismus |c Günther Nörenberg |
| 264 | 1 | |a Berlin |b Wirtschaft |c 1984 | |
| 300 | |a 108 s. | ||
| 490 | 1 | |a Beiträge zur Kritik der bürgerlichen Ideologie und des Revisionismus | |
| 830 | 0 | |a Beiträge zur Kritik der bürgerlichen Ideologie und des Revisionismus | |
| 100 | 1 | |a Nörenberg, Günther | |